[Event "Corbins Lleida Nadal op"]
[Site "Corbins"]
[Date "2023.12.29"]
[Round "6"]
[White "Benseny Martinez, Guerau"]
[Black "Sanuy Moncasi, Albert"]
[Result "1-0"]
[WhiteElo "2020"]
[BlackElo "1967"]
[PlyCount "103"]
[EventDate "2023.12.27"]
[EventType "swiss"]
[EventRounds "8"]
[EventCountry "ESP"]
[SourceTitle "CB02_2024"]
[SourceDate "2024.01.10"]
[SourceVersion "1"]
[SourceVersionDate "2024.01.10"]
[SourceQuality "1"]

1. e4 g6 2. d4 Bg7 3. Nc3 d6 4. Be3 a6 5. f4 e6 6. Nf3 Ne7 7. Qd2 h6 8. h3 Nd7 9. Be2 b6 10. Rg1 Bb7 11. g4 h5 12. Ng5 hxg4 13. hxg4 Nf8 14. 0-0-0 Qd7 15. f5 f6 16. fxe6 Nxe6 17. Nxe6 Qxe6 18. d5 Qd7 19. Bd4 0-0-0 20. g5 Ng8 21. gxf6 Bh6 22. Bg4 Bxd2+ 23. Kxd2 Rh2+ 24. Ne2 Nh6 25. Bxd7+ Kxd7 26. Rxg6 Rf8 27. Rg7+ Nf7 28. Ke3 Ke8 29. Nf4 Rfh8 30. Rdg1 Bc8 31. Rg8+ Kd7 32. Rxh8 Rxh8 33. Rg7 Ke8 34. Ne6 c5 35. Bc3 Rh3+ 36. Kf4 Rh4+ 37. Kf3 Rh8 38. Nc7+ Kf8 39. Ne6+ Ke8 40. Ng5 Rf8 41. Nxf7 Rxf7 42. Kf4 b5 43. b3 Rxg7 44. fxg7 Kf7 45. Kg5 Bh3 46. Kh6 Kg8 47. e5 dxe5 48. Bxe5 a5 49. Kg6 Bd7 50. Kf6 a4 51. Ke7 axb3 52. axb3 1-0

[Event "ESP-ch U16 rapid"]
[Site "Salobrena"]
[Date "2023.07.29"]
[Round "4"]
[White "Benseny Martinez, Guerau"]
[Black "Jaime Galeano, Alcher"]
[Result "1-0"]
[WhiteElo "1802"]
[BlackElo "1484"]
[PlyCount "47"]
[EventDate "2023.07.29"]
[EventType "swiss (rapid)"]
[EventRounds "9"]
[EventCountry "ESP"]
[SourceTitle "EXT 2024"]
[Source "ChessBase"]
[SourceDate "2023.10.10"]
[SourceVersion "1"]
[SourceVersionDate "2023.10.10"]
[SourceQuality "1"]

1. d4 d5 2. Nc3 Nf6 3. Bf4 e6 4. Nb5 Bb4+ 5. c3 Ba5 6. a4 a6 7. Na3 Nc6 8. Nf3 Ne4 9. Qc2 g5 10. Be3 f5 11. g3 e5 12. b4 exd4 13. Nxd4 Nxd4 14. Bxd4 Bb6 15. Bxh8 Bxf2+ 16. Kd1 d4 17. c4 Be3 18. Bg2 Nf2+ 19. Ke1 Nxh1 20. Bxh1 Kf7 21. Bd5+ Be6 22. Qxf5+ Kg8 23. Bxe6+ Kxh8 24. Qe5+ 1-0

[Event "Barbera del Valles op 45th"]
[Site "Barbera del Valles"]
[Date "2023.07.11"]
[Round "8"]
[White "Benseny Martinez, Guerau"]
[Black "Dahale, Atul"]
[Result "1/2-1/2"]
[WhiteElo "1879"]
[BlackElo "2150"]
[PlyCount "115"]
[EventDate "2023.07.04"]
[EventType "swiss"]
[EventRounds "9"]
[EventCountry "ESP"]
[SourceTitle "CBM 215 Extra"]
[Source "ChessBase"]
[SourceDate "2023.09.30"]
[SourceVersion "1"]
[SourceVersionDate "2023.09.30"]
[SourceQuality "1"]

1. e4 c5 2. Nc3 d6 3. d4 cxd4 4. Qxd4 a6 5. b3 Nc6 6. Qd2 g6 7. Bb2 Bg7 8. 0-0-0 Nf6 9. f3 Be6 10. Nge2 0-0 11. Kb1 Rc8 12. h4 Qa5 13. g4 Ne5 14. Bg2 b5 15. Nd5 Qd8 16. Nef4 Bxd5 17. Nxd5 Nxd5 18. exd5 Qb6 19. Qd4 Qxd4 20. Bxd4 a5 21. g5 Nd7 22. Bh3 Rc7 23. Bxd7 Rxd7 24. Rhe1 Rc8 25. Bxg7 Kxg7 26. Rd3 Rdc7 27. Re2 Kf8 28. a3 Rc3 29. Red2 Ke8 30. Kb2 Rxd3 31. Rxd3 Rc5 32. Rd4 Kd7 33. c4 b4 34. a4 e6 35. Rf4 Ke7 36. Re4 Rc8 37. Kc2 h6 38. dxe6 fxe6 39. Rg4 h5 40. Rf4 d5 41. Kd3 e5 42. Rf6 dxc4+ 43. bxc4 Rd8+ 44. Kc2 Rd4 45. Rxg6 Rxc4+ 46. Kb2 Rxh4 47. Ra6 Rh2+ 48. Kb3 Rg2 49. Rxa5 Rxg5 50. f4 Rg3+ 51. Kxb4 exf4 52. Rxh5 Ke6 53. Kc4 Ra3 54. a5 f3 55. Rh3 f2 56. Rh1 Ke5 57. Rf1 Ra2 58. Kb3 1/2-1/2

[Event "Barbera del Valles op 45th"]
[Site "Barbera del Valles"]
[Date "2023.07.07"]
[Round "4"]
[White "Benseny Martinez, Guerau"]
[Black "Lazaro Pujol, Abel"]
[Result "0-1"]
[WhiteElo "1879"]
[BlackElo "2337"]
[PlyCount "168"]
[EventDate "2023.07.04"]
[EventType "swiss"]
[EventRounds "9"]
[EventCountry "ESP"]
[SourceTitle "CBM 215 Extra"]
[Source "ChessBase"]
[SourceDate "2023.09.30"]
[SourceVersion "1"]
[SourceVersionDate "2023.09.30"]
[SourceQuality "1"]

1. e4 e5 2. Nf3 Nc6 3. Bc4 Bc5 4. c3 Nf6 5. d3 d6 6. 0-0 0-0 7. h3 Ne7 8. Re1 Ng6 9. Nbd2 c6 10. Bb3 Bb6 11. Nf1 d5 12. Ng3 h6 13. Be3 Re8 14. Bc2 Bc7 15. Qd2 Be6 16. Rad1 Qe7 17. Qc1 a5 18. a4 Rad8 19. Nf1 Rd7 20. Rd2 Red8 21. Rdd1 Qf8 22. Ng3 b6 23. Ne2 c5 24. exd5 Bxd5 25. Nd2 Bb7 26. Nf1 Ba6 27. d4 exd4 28. cxd4 Bxe2 29. Rxe2 cxd4 30. Bxg6 dxe3 31. Rxd7 exf2+ 32. Rxf2 Rxd7 33. Bf5 Re7 34. Bb1 Bd6 35. Kh1 Bc5 36. Rf3 Qd8 37. Ng3 Re5 38. Rf1 Qd7 39. Qf4 Bd6 40. Qf3 Re8 41. Ne4 Nxe4 42. Bxe4 Qe7 43. Bd5 Rf8 44. Qe4 Qd7 45. b3 Bc7 46. Rd1 Kh8 47. Qf3 Qd6 48. g3 Qxg3 49. Qxg3 Bxg3 50. Kg2 Be5 51. Re1 Bd6 52. Bc4 g6 53. Rd1 Bc5 54. Rd7 Kg7 55. Kf3 Kf6 56. Kg4 h5+ 57. Kf3 g5 58. Kg2 Kg6 59. h4 gxh4 60. Rd2 f5 61. Kh3 Re8 62. Rg2+ Kf6 63. Kxh4 Re1 64. Kg3 Re3+ 65. Kh2 h4 66. Rd2 Kg5 67. Rg2+ Kf4 68. Rf2+ Ke4 69. Rf1 Bd6+ 70. Kh1 f4 71. Rd1 Bb4 72. Bd5+ Ke5 73. Kg2 Bc3 74. Bf3 h3+ 75. Kf2 Bd4 76. Re1 Bc5 77. Rxe3+ fxe3+ 78. Ke2 Kf4 79. Bd5 Kg3 80. Kf1 Bd4 81. Bc6 Kh2 82. Bd5 e2+ 83. Kxe2 Kg1 84. Kd3 Bc5 0-1

[Event "Barbera del Valles op 45th"]
[Site "Barbera del Valles"]
[Date "2023.07.05"]
[Round "2"]
[White "Benseny Martinez, Guerau"]
[Black "Narciso Dublan, Marc"]
[Result "0-1"]
[WhiteElo "1879"]
[BlackElo "2424"]
[PlyCount "228"]
[EventDate "2023.07.04"]
[EventType "swiss"]
[EventRounds "9"]
[EventCountry "ESP"]
[SourceTitle "CBM 215 Extra"]
[Source "ChessBase"]
[SourceDate "2023.09.30"]
[SourceVersion "1"]
[SourceVersionDate "2023.09.30"]
[SourceQuality "1"]

1. e4 e6 2. d4 d5 3. Bd3 dxe4 4. Bxe4 Nf6 5. Bf3 c5 6. Ne2 Be7 7. Be3 0-0 8. Nbc3 Qc7 9. 0-0 Rd8 10. Qe1 cxd4 11. Nxd4 Nbd7 12. Ndb5 Qb8 13. g3 a6 14. Nd4 Ne5 15. Bg2 Nfg4 16. Nb3 Nxe3 17. Qxe3 Nc4 18. Qe2 Qc7 19. Rfe1 Bb4 20. Red1 Rxd1+ 21. Nxd1 Rb8 22. c3 Bf8 23. Nd2 Nb6 24. Ne3 Bd7 25. Rd1 Bb5 26. c4 Be8 27. Ne4 Nd7 28. b3 b6 29. Nc2 Be7 30. Nd4 Ne5 31. Nd2 b5 32. cxb5 axb5 33. N2f3 Nxf3+ 34. Nxf3 Bf6 35. Rd2 Rc8 36. h4 h6 37. Nd4 Qb6 38. Nc2 Rc5 39. Ne3 Re5 40. Qd3 Be7 41. Qd4 Rc5 42. Rd1 Qc7 43. Qd2 Qa7 44. Bf1 Rc8 45. Bd3 Bc5 46. Be4 Qe7 47. Kg2 Bb4 48. Qe2 Ba5 49. Qb2 Bc3 50. Qe2 Rc7 51. Rc1 b4 52. Nc4 Bb5 53. Bd3 Ra7 54. a4 bxa3 55. Nxa3 Bxd3 56. Qxd3 Qb7+ 57. Qf3 Bb2 58. Qxb7 Rxb7 59. Rc8+ Kh7 60. Nc4 Rxb3 61. Nxb2 Rxb2 62. Rc5 Rd2 63. Ra5 g6 64. Ra7 Kg7 65. Rb7 g5 66. hxg5 hxg5 67. Kf3 Kg6 68. Re7 Ra2 69. Rb7 f5 70. Rb8 g4+ 71. Kg2 Kf6 72. Rf8+ Ke5 73. Rb8 Ra4 74. Rb1 Ke4 75. Re1+ Kd5 76. Rd1+ Rd4 77. Ra1 e5 78. Ra5+ Ke4 79. Ra8 Rb4 80. Ra7 Rb5 81. Ra4+ Kd5 82. Ra8 Rb6 83. Ra5+ Ke6 84. Ra8 Kf6 85. Rf8+ Kg6 86. Rg8+ Kf7 87. Ra8 e4 88. Ra7+ Ke6 89. Ra3 Rd6 90. Ra5 Rd5 91. Ra6+ Ke5 92. Ra3 Rd3 93. Ra5+ Kf6 94. Ra6+ Kg5 95. Re6 Rd1 96. Re8 Re1 97. Rg8+ Kf6 98. Rf8+ Ke6 99. Re8+ Kf7 100. Re5 Kf6 101. Re8 Rb1 102. Rf8+ Ke5 103. Re8+ Kd4 104. Rd8+ Kc4 105. Rc8+ Kd3 106. Ra8 Rb3 107. Rf8 e3 108. fxe3 Rb2+ 109. Kg1 Ke4 110. Re8+ Kf3 111. Re5 Kxg3 112. Rxf5 Rb1+ 113. Rf1 Rxf1+ 114. Kxf1 Kh2 0-1

[Event "Vallfogona de Balaguer Farre Mem 2nd"]
[Site "Vallfogona de Balaguer"]
[Date "2023.04.22"]
[Round "2"]
[White "Benseny Martinez, Guerau"]
[Black "Badia Torra, Jaume"]
[Result "1-0"]
[WhiteElo "1929"]
[BlackElo "1700"]
[PlyCount "65"]
[EventDate "2023.04.15"]
[EventType "swiss"]
[EventRounds "8"]
[EventCountry "ESP"]
[SourceTitle "EXT 2024"]
[Source "ChessBase"]
[SourceDate "2023.10.10"]
[SourceVersion "1"]
[SourceVersionDate "2023.10.10"]
[SourceQuality "1"]

1. e4 c5 2. Nf3 d6 3. d4 cxd4 4. Qxd4 Nc6 5. Qe3 g6 6. c4 Bg7 7. Be2 Nf6 8. h3 0-0 9. 0-0 Nd7 10. Nc3 a6 11. Rb1 b6 12. Rd1 Bb7 13. a3 Rc8 14. Nd5 Na5 15. b3 Re8 16. Bb2 Bxb2 17. Rxb2 Nc6 18. Qh6 f6 19. Nh4 Nde5 20. Qe3 Rf8 21. f4 Nd7 22. Bg4 Ncb8 23. Be6+ Kg7 24. Qg3 Bxd5 25. exd5 Qe8 26. Nf5+ Kh8 27. Nd4 Rc7 28. Re2 Nc5 29. Rde1 f5 30. Qc3 Ne4 31. Rxe4 fxe4 32. Nb5+ Rf6 33. Nxc7 1-0

[Event "Vallfogona de Balaguer Farre Mem 2nd"]
[Site "Vallfogona de Balaguer"]
[Date "2023.04.15"]
[Round "1"]
[White "Niubo Parramon, Edgar"]
[Black "Benseny Martinez, Guerau"]
[Result "0-1"]
[WhiteElo "1538"]
[BlackElo "1929"]
[PlyCount "64"]
[EventDate "2023.04.15"]
[EventType "swiss"]
[EventRounds "8"]
[EventCountry "ESP"]
[SourceTitle "EXT 2024"]
[Source "ChessBase"]
[SourceDate "2023.10.10"]
[SourceVersion "1"]
[SourceVersionDate "2023.10.10"]
[SourceQuality "1"]

1. e4 e5 2. Nf3 Nc6 3. d4 exd4 4. Nxd4 Nf6 5. Nxc6 bxc6 6. Bd3 d5 7. exd5 cxd5 8. 0-0 Be7 9. Nd2 0-0 10. Nf3 Rb8 11. b3 c5 12. Bf4 Bd6 13. Bg5 Be6 14. c4 d4 15. Qd2 Bg4 16. Bxf6 Qxf6 17. Be2 Bf4 18. Qa5 d3 19. Bxd3 Bxf3 20. Rfe1 Qg5 21. Bf1 Bd2 22. Qc7 Bxe1 23. Rxe1 Rbe8 24. Ra1 Re6 25. a4 Rg6 26. g3 h5 27. Re1 h4 28. Re3 hxg3 29. hxg3 Qh5 30. Bg2 Bxg2 31. Kxg2 Rh6 32. Kf1 Qd1+ 0-1

[Event "Lleida Regional-ch"]
[Site "Lleida"]
[Date "2022.11.06"]
[Round "5"]
[White "Benseny Martinez, Guerau"]
[Black "Siso Ribes, Genis Alfred"]
[Result "1/2-1/2"]
[WhiteElo "1890"]
[BlackElo "1801"]
[PlyCount "57"]
[EventDate "2022.10.02"]
[EventType "swiss"]
[EventRounds "8"]
[EventCountry "ESP"]
[SourceTitle "EXT 2024"]
[Source "ChessBase"]
[SourceDate "2023.10.10"]
[SourceVersion "1"]
[SourceVersionDate "2023.10.10"]
[SourceQuality "1"]

1. d4 Nf6 2. Nc3 c5 3. d5 Qa5 4. Bd2 b5 5. e4 b4 6. e5 bxc3 7. Bxc3 Qc7 8. exf6 exf6 9. Qe2+ Be7 10. 0-0-0 d6 11. Qe4 0-0 12. Bd3 f5 13. Qe2 Qd8 14. g4 fxg4 15. h3 Bf6 16. hxg4 g6 17. Bd2 a6 18. f4 Bg7 19. Qh2 h6 20. Bc3 Bxc3 21. Qxh6 Bxb2+ 22. Kb1 Re8 23. Qh7+ Kf8 24. Kxb2 Qf6+ 25. Kc1 Qxf4+ 26. Kb1 Qb4+ 27. Kc1 Qf4+ 28. Kb2 Qb4+ 29. Kc1 1/2-1/2

[Event "Lleida Regional-ch"]
[Site "Lleida"]
[Date "2022.10.23"]
[Round "4"]
[White "Monell Camarasa, David"]
[Black "Benseny Martinez, Guerau"]
[Result "1-0"]
[WhiteElo "2045"]
[BlackElo "1890"]
[PlyCount "117"]
[EventDate "2022.10.02"]
[EventType "swiss"]
[EventRounds "8"]
[EventCountry "ESP"]
[SourceTitle "EXT 2024"]
[Source "ChessBase"]
[SourceDate "2023.10.10"]
[SourceVersion "1"]
[SourceVersionDate "2023.10.10"]
[SourceQuality "1"]

1. d4 Nf6 2. c4 e6 3. Nc3 Bb4 4. Qc2 0-0 5. Bg5 h6 6. Bh4 d5 7. e3 Nbd7 8. Nf3 c5 9. cxd5 exd5 10. Be2 g5 11. Bg3 Ne4 12. 0-0 Bxc3 13. bxc3 Ndf6 14. dxc5 Bf5 15. Bd3 Bg4 16. Ne5 Be6 17. c6 Rc8 18. cxb7 Rxc3 19. Qb2 Qb6 20. Qxb6 axb6 21. Bxe4 Nxe4 22. Rfb1 Rb8 23. Rxb6 Nc5 24. Nxf7 Rxb7 25. Rxb7 Nxb7 26. Nd6 Nxd6 27. Bxd6 d4 28. Be5 Bxa2 29. Bxd4 Rc2 30. e4 Rc4 31. Be3 Bb3 32. f3 Kf7 33. Ra6 Kg7 34. h4 g4 35. Bxh6+ Kh7 36. Kf2 Rc3 37. Bd2 Rd3 38. Bg5 gxf3 39. gxf3 Bd1 40. Rf6 Kg7 41. Kg3 Rb3 42. h5 Bc2 43. Kg4 Rb7 44. h6+ Kh7 45. Re6 Ba4 46. Kh5 Bd1 47. Rf6 Bb3 48. Bd2 Rb5+ 49. Kg4 Re5 50. Bc3 Rc5 51. Bd4 Rc4 52. Rd6 Rc7 53. Kg5 Bf7 54. e5 Re7 55. Kf6 Rb7 56. e6 Be8 57. Rd8 Bc6 58. Be5 Bxf3 59. Kg5 1-0

[Event "Catalan-ch U10/20"]
[Site "Tarragona"]
[Date "2022.04.14"]
[Round "9"]
[White "Torrent San Nicolas, Biel"]
[Black "Benseny Martinez, Guerau"]
[Result "0-1"]
[WhiteElo "1328"]
[BlackElo "1791"]
[PlyCount "80"]
[EventDate "2022.04.09"]
[EventType "swiss"]
[EventRounds "9"]
[EventCountry "ESP"]
[SourceTitle "EXT 2023"]
[Source "ChessBase"]
[SourceDate "2022.10.05"]
[SourceVersion "1"]
[SourceVersionDate "2022.10.05"]
[SourceQuality "1"]

1. e4 e5 2. Nf3 Nc6 3. Bc4 Bc5 4. c3 Nf6 5. d3 d6 6. 0-0 Bg4 7. Re1 h6 8. Nbd2 0-0 9. Bb3 a6 10. Nf1 Ba7 11. Ng3 Na5 12. Bc2 b5 13. h3 Bc8 14. d4 Nc6 15. a4 Bb7 16. d5 Ne7 17. Nh4 Ng6 18. Nhf5 Kh7 19. Nh5 Rg8 20. Bg5 Nf4 21. Bxf6 gxf6 22. Nxf4 exf4 23. Qh5 Rg6 24. Nh4 Qe8 25. e5 fxe5 26. Nf5 Qf8 27. Nh4 Qg7 28. axb5 Bxd5 29. Rxa6 Bb7 30. Ra3 Bb6 31. Rxa8 Bxa8 32. Nxg6 fxg6 33. Qg4 Qf7 34. h4 Kg7 35. h5 g5 36. Ra1 Bb7 37. b3 e4 38. Qe2 f3 39. gxf3 exf3 40. Re1 fxe2 0-1

[Event "Catalunya-chT Gp2"]
[Site "Barcelona"]
[Date "2022.01.29"]
[Round "2.8"]
[White "Benseny Martinez, Guerau"]
[Black "Garzon Sanchez, Jose Manuel"]
[Result "0-1"]
[WhiteElo "1796"]
[BlackElo "2151"]
[PlyCount "88"]
[EventDate "2022.01.22"]
[EventType "team-tourn"]
[EventRounds "9"]
[EventCountry "ESP"]
[SourceTitle "CBM 206 Extra"]
[Source "ChessBase"]
[SourceDate "2022.03.31"]
[SourceVersion "1"]
[SourceVersionDate "2022.03.31"]
[SourceQuality "1"]
[WhiteTeam "Lleida"]
[BlackTeam "Colon Ateneu"]
[WhiteTeamCountry "ESP"]
[BlackTeamCountry "ESP"]

1. e4 d6 2. Nf3 Nf6 3. Nc3 e5 4. d4 Nbd7 5. Bc4 Be7 6. 0-0 c6 7. a4 Qc7 8. h3 h6 9. Re1 Nf8 10. Be3 Ng6 11. Bb3 0-0 12. Qe2 Bd7 13. Rad1 a6 14. Ra1 Qc8 15. a5 Bd8 16. dxe5 dxe5 17. Nd2 Nf4 18. Bxf4 exf4 19. Qf3 Nh7 20. Kh1 Be6 21. Nc4 Bc7 22. e5 g5 23. Qe4 Bf5 24. Qf3 Rd8 25. Ne4 Bxe4 26. Qxe4 Nf8 27. Nd6 Bxd6 28. exd6 Re8 29. Qd3 Qd7 30. c4 c5 31. Rxe8 Qxe8 32. Bc2 Qe5 33. Qe4 Qxd6 34. Qxb7 Rb8 35. Qe4 Rxb2 36. Rd1 Qc7 37. Qf5 Qe7 38. Rd5 Qe1+ 39. Kh2 Qxf2 40. Be4 Qg3+ 41. Kg1 Qe1+ 42. Kh2 Re2 43. Bf3 Qg3+ 44. Kg1 Re1# 0-1

[Event "Catalunya-chT Gp2"]
[Site "Barcelona"]
[Date "2022.01.22"]
[Round "1.9"]
[White "Benseny Martinez, Guerau"]
[Black "Guasch Figuerola, Agusti"]
[Result "0-1"]
[WhiteElo "1796"]
[BlackElo "2078"]
[PlyCount "110"]
[EventDate "2022.01.22"]
[EventType "team-tourn"]
[EventRounds "9"]
[EventCountry "ESP"]
[SourceTitle "CBM 206 Extra"]
[Source "ChessBase"]
[SourceDate "2022.03.31"]
[SourceVersion "1"]
[SourceVersionDate "2022.03.31"]
[SourceQuality "1"]
[WhiteTeam "Lleida"]
[BlackTeam "Valls"]
[WhiteTeamCountry "ESP"]
[BlackTeamCountry "ESP"]

1. e4 g6 2. d4 Bg7 3. Nc3 c6 4. Nf3 d6 5. Be3 Nf6 6. h3 0-0 7. Be2 Nbd7 8. 0-0 e5 9. dxe5 dxe5 10. a4 Qe7 11. Ne1 Nc5 12. Bd3 Rd8 13. Qe2 Ne6 14. Nf3 Nh5 15. Rfd1 Nd4 16. Bxd4 exd4 17. Nb1 Nf4 18. Qd2 g5 19. Bc4 Qxe4 20. Bxf7+ Kh8 21. Re1 Qf5 22. Bc4 Nxh3+ 23. gxh3 Qxf3 24. Qxg5 Bxh3 25. Nd2 Qg4+ 26. Qxg4 Bxg4 27. Re7 Rd7 28. Rae1 Bf8 29. Rxd7 Bxd7 30. Nf3 c5 31. b3 Re8 32. Re5 Rxe5 33. Nxe5 Bf5 34. Bd3 Bxd3 35. cxd3 Kg7 36. Kg2 Bd6 37. Nc4 Bc7 38. Nd2 Bd8 39. f4 Kg6 40. Kf3 Kf5 41. Ne4 Be7 42. Ng3+ Ke6 43. Ke4 a6 44. Nh5 b5 45. axb5 axb5 46. f5+ Kd6 47. Nf4 Bg5 48. Nh5 h6 49. Ng7 Bf6 50. Ne8+ Ke7 51. Nc7 b4 52. Nd5+ Kf7 53. Nf4 Be7 54. Nh5 Bf8 55. Ke5 c4 0-1

[Event "Delegacio Lleida op"]
[Site "Mollerusa"]
[Date "2018.04.14"]
[Round "1"]
[White "Benseny Martinez, Guerau"]
[Black "Granados Tello, Roman"]
[Result "0-1"]
[WhiteElo "1385"]
[BlackElo "1874"]
[PlyCount "84"]
[EventDate "2018.04.14"]
[EventType "swiss"]
[EventRounds "8"]
[EventCountry "ESP"]
[SourceTitle "EXT 2019"]
[Source "ChessBase"]
[SourceDate "2018.10.10"]
[SourceVersion "1"]
[SourceVersionDate "2018.10.10"]
[SourceQuality "1"]

1. d4 Nf6 2. c4 g6 3. Nc3 Bg7 4. Nf3 d6 5. Bg5 h6 6. Bf4 0-0 7. e3 c6 8. Bd3 Na6 9. a3 Nc7 10. 0-0 Nh5 11. Bg3 Nxg3 12. hxg3 d5 13. Qc2 dxc4 14. Bxc4 Be6 15. Qe2 Nd5 16. Nxd5 cxd5 17. Bd3 Bg4 18. Rac1 Qd6 19. Rc3 e5 20. dxe5 Bxe5 21. Rcc1 Rfe8 22. e4 Bg7 23. b4 Re7 24. Qc2 Rc8 25. Qb1 Rxc1 26. Rxc1 dxe4 27. Bxe4 Rc7 28. Rxc7 Qxc7 29. Qc2 Qxc2 30. Bxc2 b5 31. Kf1 Bd7 32. Ke2 Bb2 33. a4 bxa4 34. Kd3 Bb5+ 35. Ke4 a3 36. Bb3 Bc3 37. Nd4 Bd7 38. b5 Kg7 39. Kd3 Bb2 40. Kc4 Kf6 41. Nc6 a2 42. Bxa2 Be6+ 0-1